000 00492nam a2200181 i 4500
001 bg
245 0 _aEkonomia polityczna /
_cpod red. nauk. J. Lewandowskiego i W. B. Sztybera.
260 _aWarszawa,
_c1987.
650 9 _aEkonomia
655 _aPodręczniki akademickie
700 1 _aLewandowski, Jędrzej.
_eRed.
700 1 _aSztyber, Władysław Bogdan.
_eRed.
040 _cBPK
041 _apol
080 _a330(075.8)
942 _cKS
008 s pl f |000 0 pol
999 _c3379
_d3379
856 _uhttp://koha.tu.koszalin.pl/cgi-bin/koha/opac-detail.pl?biblionumber=3379
_yKatalog online BPK